000 00247nam a2200097Ia 4500
001 711799
005 20250826162815.0
008 250824s9999 xx 000 0 und d
245 0 _aAŞK-I MEMNU
_cHALİD ZİYA UŞAKLIGİL
260 _bEVEREST YAYINLARI
999 _c711799
_d711799